Inventario general de manuscritos de la Biblioteca Palafoxiana
Αποθηκεύτηκε σε:
| Κύριοι συγγραφείς: | , |
|---|---|
| Μορφή: | Βιβλίο |
| Γλώσσα: | Ισπανικά |
| Έκδοση: |
Madrid
Mapfre Tavera
2004
|
| Θέματα: | |
| Ετικέτες: |
Προσθήκη ετικέτας
Δεν υπάρχουν, Καταχωρήστε ετικέτα πρώτοι!
|
MARC
| LEADER | 00000nam a2200000 a 4500 | ||
|---|---|---|---|
| 001 | UCH4795 | ||
| 003 | CL-VaPUC | ||
| 008 | 090903e20040000SP |||||||||||||||||spa|d | ||
| 020 | |a 848479055X | ||
| 082 | 0 | 4 | |a 015.7248031 |b GAR |2 21 |
| 100 | |a Garibay Álvarez, Jorge |e author |9 540743 | ||
| 700 | 0 | |a Peña Espinosa, Jesús Joel |e author |9 540744 | |
| 245 | 1 | 0 | |a Inventario general de manuscritos de la Biblioteca Palafoxiana |
| 300 | |a 504 p | ||
| 942 | |c BK | ||
| 945 | |d 20090903 00:00:00 |a dcastane | ||
| 260 | |a Madrid |b Mapfre Tavera |c 2004 | ||
| 650 | 7 | |a CATALOGO |2 CL-VaPUC |9 381466 | |
| 650 | 0 | |a Bibliografías |9 257071 | |
| 583 | |a last modification |c 20090903 00:00:00 |k Rodrigo Vera | ||
| 999 | |c 336063 |d 336061 | ||
| 952 | |0 0 |1 0 |4 0 |6 015_724803100000000_GAR_2004 |7 0 |8 X |9 426954 |a FDOBUD |b FDOBUD |d 2019-11-22 |i 4596781 |o 015.7248031 GAR 2004 |p 4596781 |r 2019-11-22 |w 2019-11-22 |y BK_X |k BUD | ||